| Tag |
First Indicator |
Second Indicator |
Subfields |
| LEADER |
00000cam a2200000 a 4500 |
| 001 |
in00000009354 |
| 005 |
20151007051529.0 |
| 008 |
860909s1986 enk b 00010 eng |
| 010 |
|
|
|a 86022962
|
| 020 |
|
|
|a 0729302598 (pbk.) :
|c $4.95 (U.S.)
|
| 035 |
|
|
|a (OCoLC)14272967
|
| 035 |
|
|
|9 AAA3438AM
|
| 040 |
|
|
|a DLC
|c DLC
|d TXA
|d UtOrBLW
|
| 049 |
|
|
|a TXAM
|c [A12564198]
|
| 050 |
0 |
0 |
|a PQ1839
|b .S48 1986
|
| 082 |
0 |
|
|a 842/.4
|2 19
|
| 100 |
1 |
|
|a Shaw, David,
|d 1944-
|
| 245 |
1 |
0 |
|a Molière, Les précieuses ridicules /
|c David Shaw.
|
| 264 |
|
1 |
|a London ;
|a Wolfeboro, N.H. :
|b Grant & Cutler,
|c 1986.
|
| 300 |
|
|
|a 73 pages ;
|c 20 cm.
|
| 336 |
|
|
|a text
|b txt
|2 rdacontent
|
| 337 |
|
|
|a unmediated
|b n
|2 rdamedia
|
| 338 |
|
|
|a volume
|b nc
|2 rdacarrier
|
| 490 |
1 |
|
|a Critical guides to French texts ;
|v 59
|
| 504 |
|
|
|a Bibliography: pages [72]-73.
|
| 600 |
1 |
0 |
|a Molière,
|d 1622-1673.
|t Précieuses ridicules.
|
| 740 |
0 |
|
|a Précieuses ridicules.
|
| 830 |
|
0 |
|a Critical guides to French texts ;
|v 59.
|
| 999 |
|
|
|a MARS
|
| 999 |
f |
f |
|s a106cea4-3f6f-325e-a74a-4de3efce8cde
|i 2a10a686-7dd3-30b5-9910-4872264492ec
|t 0
|
| 952 |
f |
f |
|p normal
|a Texas A&M University
|b College Station
|c Sterling C. Evans Library
|d Evans: Library Stacks
|t 0
|e PQ1839 .S48 1986
|h Library of Congress classification
|i unmediated -- volume
|m A14812564198
|
| 998 |
f |
f |
|a PQ1839 .S48 1986
|t 0
|l Evans: Library Stacks
|